| 000 | 00602nam a2200229Ia 4500 | ||
|---|---|---|---|
| 008 | 180523s9999 xx 000 0 und d | ||
| 020 | _a0-671-50094-5 | ||
| 050 | _aMAIN BF 1729.M9 | ||
| 050 | _b.G74 1994 | ||
| 100 | _aGreene, Liz. | ||
| 245 | 0 | _aMythic astrology / | |
| 245 | 0 | _cLiz Greene ; cards illustrated by Anthea Toorchen. | |
| 260 | _aNew York : | ||
| 260 | _bSimon & Schuster, | ||
| 260 | _c1994 | ||
| 300 | _a224 pages : | ||
| 300 | _billustrations ; | ||
| 300 | _c21 cm. | ||
| 500 | _aIncludes bibiliographical references. | ||
| 650 | _aAstrology. | ||
| 650 | _xMythology. | ||
| 999 |
_c356556 _d356556 |
||